Dareeche (Record no. 530784)

000 -LEADER
fixed length control field 00195nam a22000977a 4500
040 ## - CATALOGING SOURCE
Transcribing agency DLC
082 ## - DEWEY DECIMAL CLASSIFICATION NUMBER
Classification number 891.4397
Author Mark SHA
100 ## - MAIN ENTRY--PERSONAL NAME
Personal name Shafique Rehman
9 (RLIN) 23875
245 ## - TITLE STATEMENT
Title Dareeche
942 ## - ADDED ENTRY ELEMENTS (KOHA)
Source of classification or shelving scheme
Koha item type Book
Holdings
Withdrawn status Lost status Source of classification or shelving scheme Damaged status Not for loan Permanent Location Current Location Date acquired Total Checkouts Total Renewals Full call number Barcode Date last seen Date last checked out Price effective from Koha item type
          School of Civil and Environmental Engineering (SCEE) School of Civil and Environmental Engineering (SCEE) 10/14/2019 2 3 891.4397 SHA NIT-7634 12/29/2025 12/05/2025 10/14/2019 Book
© 2023 Central Library, National University of Sciences and Technology. All Rights Reserved.